Transfusion science / (Record no. 112140)
[ view plain ]
| 000 -LEADER | |
|---|---|
| fixed length control field | 00846nam a2200289 a 4500 |
| 008 - FIXED-LENGTH DATA ELEMENTS--GENERAL INFORMATION | |
| fixed length control field | |
| 020 ## - INTERNATIONAL STANDARD BOOK NUMBER | |
| International Standard Book Number | 0750634154 (pbk.) |
| 049 ## - LOCAL HOLDINGS (OCLC) | |
| Holding library | MAIN |
| 090 ## - LOCALLY ASSIGNED LC-TYPE CALL NUMBER (OCLC); LOCAL CALL NUMBER (RLIN) | |
| Classification number (OCLC) (R) ; Classification number, CALL (RLIN) (NR) | RM171 |
| 003 - CONTROL NUMBER IDENTIFIER | |
| control field | |
| 005 - DATE AND TIME OF LATEST TRANSACTION | |
| control field | 20230120203825.0 |
| 040 ## - CATALOGING SOURCE | |
| Transcribing agency | NUST |
| 100 1# - MAIN ENTRY--PERSONAL NAME | |
| Personal name | Overfield, J. |
| 245 10 - TITLE STATEMENT | |
| Title | Transfusion science / |
| Statement of responsibility, etc. | J. Overfield, M. Dawson, D. Hamer. |
| 260 ## - PUBLICATION, DISTRIBUTION, ETC. | |
| Place of publication, distribution, etc. | Oxford : |
| Name of publisher, distributor, etc. | Butterworth Heinemann, |
| Date of publication, distribution, etc. | 1999. |
| 300 ## - PHYSICAL DESCRIPTION | |
| Extent | 202 p. : |
| Other physical details | ill. ; |
| Dimensions | 25 cm. |
| 440 1# - SERIES STATEMENT/ADDED ENTRY--TITLE | |
| Title | BMS explained |
| 504 ## - BIBLIOGRAPHY, ETC. NOTE | |
| Bibliography, etc. note | Includes bibliographical references. |
| 500 ## - GENERAL NOTE | |
| General note | Includes index. |
| 650 #0 - SUBJECT ADDED ENTRY--TOPICAL TERM | |
| Topical term or geographic name entry element | Blood |
| General subdivision | Transfusion. |
| 650 #4 - SUBJECT ADDED ENTRY--TOPICAL TERM | |
| Topical term or geographic name entry element | Blood |
| General subdivision | Transfusion. |
| 700 1# - ADDED ENTRY--PERSONAL NAME | |
| Personal name | Dawson, Maureen M. |
| 700 1# - ADDED ENTRY--PERSONAL NAME | |
| Personal name | Hamer, D. |
| Fuller form of name | (David) |
| 830 #0 - SERIES ADDED ENTRY--UNIFORM TITLE | |
| Uniform title | Biomedical sciences explained series. |
| 907 ## - LOCAL DATA ELEMENT G, LDG (RLIN) | |
| a | .b10028808 |
| b | 06-12-03 |
| c | 17-04-03 |
| 942 ## - ADDED ENTRY ELEMENTS (KOHA) | |
| Koha item type | Ordinary Loan Books |
| Call number prefix | RM171 |
| Date last seen | Total Checkouts | Full call number | Barcode | Accession number | Cost, replacement price | Price effective from | Koha item type | Public note | Lost status | Source of classification or shelving scheme | Damaged status | Not for loan | Collection | Withdrawn status | Home library | Current library | Shelving location | Date acquired | Source of acquisition | Cost, normal purchase price |
|---|---|---|---|---|---|---|---|---|---|---|---|---|---|---|---|---|---|---|---|---|
| 01/20/2023 | 3 | QR65 MAN OVE | 92003015087 | 16170 | 30.00 | 05/16/2023 | BOOKS | Donation | LCC | NFIC | Medical | Medical | GEN | 05/16/2023 | Book Aid International | 30.00 |